| 000 | 00000nam 2200000za 4500 |
| 001 | 9.676754 |
| 003 | CaOODSP |
| 005 | 20240624082241 |
| 007 | cr ||||||||||| |
| 008 | 150407s1976 onc|||||o f|0| 0 fre d |
| 040 | |aCaOODSP|bfre |
| 041 | |aeng|afre |
| 043 | |an-cn--- |
| 086 | 1 |aCP32-22/1976-PDF |
| 245 | 00|aReport of the Commission of Inquiry into the Marketing of Beef and Veal |h[ressource électronique] = |bRapport de la Commission d'enquête sur la mise en marché du boeuf et du veau. |
| 246 | 11|aRapport de la Commission d'enquête sur la mise en marché du boeuf et du veau |
| 260 | |aOttawa : |bCommission d'enquête sur la mise en marché du boeuf et du veau, |c1976. |
| 300 | |a1 v. : |bill. |
| 500 | |a« 13 avril 1976. » |
| 500 | |aMaxwell W. Mackenzie, président. |
| 500 | |aÉdition numérisée de l’imprimé [par le Bureau du Conseil privé]. |
| 546 | |aTexte en anglais et en français. |
| 590 | |a15-04-Supp|b2015-03-19 |
| 691 | 07|aBovin|2gcpds |
| 691 | 07|aCommission d'enquête|2gcpds |
| 691 | 07|aMarketing|2gcpds |
| 710 | 1 |aCanada. |bBureau du Conseil privé. |
| 710 | 1 |aCanada. |bCommission d'enquête sur la mise en marché du boeuf et du veau. |
| 791 | |tReport of the Commission of Inquiry into the Marketing of Beef and Veal |eeng|w(CaOODSP)9.676753 |
| 856 | 40|qPDF|s20.38 Mo|uhttps://publications.gc.ca/collections/collection_2014/bcp-pco/CP32-22-1976-3.pdf |
| 856 | 40|qPDF|s6.54 Mo|uhttps://publications.gc.ca/collections/collection_2014/bcp-pco/CP32-22-1976-5.pdf |
| 856 | 40|qPDF|s8.57 Mo|uhttps://publications.gc.ca/collections/collection_2014/bcp-pco/CP32-22-1976-4.pdf |
| 856 | 40|qPDF|s5.97 Mo|uhttps://publications.gc.ca/collections/collection_2014/bcp-pco/CP32-22-1976-2.pdf |
| 856 | 40|qPDF|s9.32 Mo|uhttps://publications.gc.ca/collections/collection_2014/bcp-pco/CP32-22-1976-1.pdf |